000 00657nam a22002057a 4500
003 0
005 20241119125813.0
008 241119b xxu||||| |||| 00| 0 eng d
020 _a9781529767797
050 _aLB 1731.6
_b.L68 2023
100 _aLouis, Stella,
_eauthor.
245 _aObserving learning in early childhood /
_cStella Louis.
260 _aLondon :
_bSAGE Publications Ltd,
_c2023.
300 _aix, 131 p. ;
_c25 cm.
504 _aIncludes bibliographical references and index.
650 _aEarly childhood education.
650 _aObservation (Education method).
650 _aEarly childhood teachers
_vTraining of.
942 _2lcc
_cBK
999 _c366764
_d366764